Учебная миграция в Россию: исследовательские подходы; Трансформация научных парадигм и коммуникативные практики в информационном социуме

Detalles Bibliográficos
Parent link:Трансформация научных парадигм и коммуникативные практики в информационном социуме.— 2008.— С. 231-232
Autor principal: Дементьева С. В. Светлана Валерьевна
Lenguaje:ruso
Publicado: 2008
Materias:
Formato: MixedMaterials Capítulo de libro
KOHA link:https://koha.lib.tpu.ru/cgi-bin/koha/opac-detail.pl?biblionumber=165898

MARC

LEADER 00000naa2a2200000 4500
001 165898
005 20231031161947.0
035 |a (RuTPU)RU\TPU\book\179961 
090 |a 165898 
100 |a 20090923d2008 k y0rusy50 ca 
101 0 |a rus 
102 |a RU 
200 1 |a Учебная миграция в Россию: исследовательские подходы  |f С. В. Дементьева 
463 0 |0 (RuTPU)RU\TPU\book\167187  |t Трансформация научных парадигм и коммуникативные практики в информационном социуме  |o сборник научных трудов I Всероссийской научно-практической конференции, Томск, 20-21 октября 2008 г.  |f Томский политехнический университет (ТПУ)  |v С. 231-232  |d 2008  |p 327 с. 
610 1 |a обучение 
610 1 |a миграция 
610 1 |a Россия 
610 1 |a образование 
610 1 |a рынок 
610 1 |a иностранные студенты 
610 1 |a социальные исследования 
610 1 |a труды учёных ТПУ 
700 1 |a Дементьева  |b С. В.  |c специалист в области социальной философии и международного права  |c доцент Томского политехнического университета, кандидат философских наук  |f 1974-  |g Светлана Валерьевна  |2 stltpush  |3 (RuTPU)RU\TPU\pers\24730 
801 1 |a RU  |b 63413507  |c 20090923 
801 2 |a RU  |b 63413507  |c 20141206  |g RCR 
942 |c BK